000 00693nam a22002057a 4500
003 NUST - PNEC
005 20170116180758.0
008 150408b xxu||||| |||| 00| 0 eng d
020 _a9788131706619
040 _cLIBRARY
082 _a005.133 ECK
100 _92249
_aEckel Bruce
245 _aThinking in C++: introduction to standard C++
_cBruce Eckel
250 _a2nd ed.
_bVol - 1
260 _aNew Delhi:
_bPearson Education,
_cc2000.
300 _a814 p. :
650 _92250
_aComputer Programming
_xMIS, Computer
856 _uhttp://www.amazon.com/Thinking-C-2e-1-ECKEL/dp/8131706613/ref=sr_1_1?s=books&ie=UTF8&qid=1428483769&sr=1-1&keywords=9788131706619
942 _2ddc
_cBK
999 _c62821
_d62821